Accounting and Information Systems
| Main Author: | |
|---|---|
| Format: | Book |
| Language: | English |
| Published: |
Canada :
Arizona State University ,
1982
|
| Subjects: |
MARC
| LEADER | 00000cam a2200000 7i4500 | ||
|---|---|---|---|
| 001 | 0000051132 | ||
| 005 | 20130219.0 | ||
| 008 | 130219 eng | ||
| 020 | |a 0471049867 | ||
| 090 | 0 | 0 | |a 657.028'54 WIL |
| 100 | 0 | |a Wilkinson, Joseph W. | |
| 245 | 0 | 0 | |a Accounting and Information Systems |c Joseph W. Wilkinson |
| 260 | |a Canada : |b Arizona State University , |c 1982 | ||
| 300 | |a 845p : |b ill ; |c 24cm. | ||
| 650 | 0 | 0 | |a Accounting - Data Processing |
| 999 | |a 43919 |b Buku |c Rujukan |e Perbadanan Perpustakaan Awam Melaka | ||